000 00510nam a2200169 4500
001 137962
003 ES-MaACL
005 20250929063204.0
007 t|
008 070214s1930 cu r ||||1| spa d
100 1 _aSánchez de Fuentes, Eduardo,
_d1874-1944
_9102577
245 1 3 _aLa canción cubana
_b: conferencia /
_cEduardo Sánchez de Fuentes.
260 _aLa Habana :
_bMolina y Cia.,
_c1930.
300 _a46 p. ;
_c24 x 15 cm.
852 _aES-MaACL
_j1749-F-25
999 _c137962
_d137962